Bohom obdarovanyj maljar' Osyf Zmij-Miklošši, 20.3.1972-1.12.1841

Podrobná bibliografia
Hlavný autor: Beskyd, Gabriel 1929- (Autor)
Médium: Článok
Jazyk:Slavic (Other)
Fyzický popis:Fotogr.
ISBN:80888769299
Predmet:

MARC

LEADER 00000nab a2200000 a 4500
001 vtls000810937
003 SK-MaSNL
005 20260318125006.0
008 240612c2001 xo 0 sla
015 |a SNBRA2002/10-32700 
035 |a CLN000162592 
040 |a SNKBUCL  |b slo  |c SNKBUCL  |e AACR2 
041 0 |a sla  |a rue 
044 |a xo  |c SK 
080 |a 75.071.1  |2 UDC-MRF-SK2 
080 |a 929 Zmij-Miklošši, Osyf  |2 UDC-MRF-SK2 
100 1 |a Beskyd, Gabriel  |d 1929-  |4 aut  |9 644632 
245 1 0 |a Bohom obdarovanyj maljar'  |b Osyf Zmij-Miklošši, 20.3.1972-1.12.1841  |c Havryjil Beskyd 
300 |b Fotogr. 
600 1 7 |a Miklošík, Jozef,  |d 1792-1841  |2 snkbucl  |9 118165 
655 7 |a články zo zborníkov  |2 snkbucl  |9 166140 
773 0 |z 80888769299  |t Rusyn'skyj narodnyj kalendar' na rik 2002  |d Prjašiv : Rusyn'ska obroda, 2001  |g S. 55-57 
850 |a Slovenská národná knižnica v Martine 
852 |a SNK  |b KIS3GCP 
958 |a RN 
958 |a SK 
958 |a BX 
999 |c 2263939  |d 2265869